[Event "1st Gujarat GM Open 2018"]
[Site "Ahmedabad"]
[Date "2018.10.10"]
[Round "8"]
[White "Saurabh Anand"]
[Black "Subhayan Kundu"]
[Result "1/2-1/2"]
[WhiteElo "2303"]
[BlackElo "2093"]
[Annotator "TA"]
[PlyCount "73"]
[EventDate "2018.10.05"]
[EventType "swiss"]
[EventCountry "IND"]
[SourceTitle "playchess.com"]
[Source "ChessBase"]
[SourceQuality "1"]

{[%evp 20,73,25,0,16,0,0,0,0,0,0,14,11,-23,0,0,8,0,16,0,7,0,24,0,0,0,7,8,8,0,25,0,0,0,0,0,91,85,49,0,59,0,0,0,0,0,0,0,0,0,0,0,0,0,29996,0]} 1. e4 e6 2. d4 d5 3. Nc3 Nf6 4. e5 Nfd7 5. f4 c5 6. Nf3 Nc6 7. Be3 a6 8. Qd2 cxd4 9. Nxd4 Nxd4 10. Bxd4 Bc5 11. O-O-O Qc7 {C11: French: Classical System: 4 e5 and 4 Bg5 dxe4} (11... Bxd4 12. Qxd4 Qb6 13. Qd2 f6 14. exf6 Nxf6 15. Bd3 Bd7 16. Rde1 O-O 17. Re5 Rac8 18. Rhe1 Rc7 19. h3 Rfc8 20. g4 {½-½ (34) Caruana,F (2670)-Ljubojevic,L (2553) Amsterdam 2009}) 12. h4 b5 13. Bxc5 Nxc5 {The position is equal.} 14. Ne2 O-O 15. Nd4 Bd7 16. Bd3 f6 $146 ({Predecessor:} 16... Rfc8 17. Kb1 Rab8 18. Qe3 {1-0 (28) Hase,J (2343)-Buttner,N Villa Ballester 2003}) 17. Qe3 fxe5 18. fxe5 b4 19. h5 {[%cal Bh4h5,Bh5h6][%mdl 32]} Nxd3+ 20. Rxd3 Rac8 21. Rd2 a5 22. Kb1 a4 23. h6 g6 24. Re1 Qc4 25. Rf2 Rxf2 26. Qxf2 Rf8 27. Qe3 {[#]} Rf1 {[#]} (27... a3 $1 $11 {[%mdl 512]}) 28. Nf3 $1 $16 {Threatens to win with Qg5.} Rxe1+ 29. Nxe1 Qg4 (29... Qf1 $11) 30. Nd3 (30. Qd2 $1 $14) 30... Qxg2 $11 31. Qf4 {aiming for Qf6.} Qg1+ 32. Nc1 $1 {Qf6 would kill now.} Qc5 33. Nd3 Qg1+ 34. Nc1 $1 Qc5 35. Nd3 Qg1+ 36. Nc1 $1 {White wants to mate with Qf6.} Qg2 $2 {[%mdl 8192]} (36... Qc5 $11) 37. Nd3 $2 {Precision: White = 65%, Black = 33%.} (37. Qf6 {mates} Qxc2+ 38. Kxc2 b3+ 39. Kd2 bxa2 40. Qg7#) 1/2-1/2

[Event "1st Gujarat GM Open 2018"]
[Site "Ahmedabad"]
[Date "2018.10.10"]
[Round "8"]
[White "Raahul V S"]
[Black "Thipsay, Praveen M"]
[Result "1-0"]
[WhiteElo "2294"]
[BlackElo "2410"]
[Annotator "TA"]
[PlyCount "95"]
[EventDate "2018.10.05"]
[EventType "swiss"]
[EventCountry "IND"]
[SourceTitle "playchess.com"]
[Source "ChessBase"]
[SourceQuality "1"]

{[%evp 13,95,39,43,43,42,34,35,34,93,79,84,79,120,99,95,93,104,97,103,90,86,87,151,106,117,42,120,102,90,65,73,76,79,50,52,9,43,43,161,99,649,618,636,639,536,614,622,614,622,609,602,577,5397,318,1443,395,405,398,405,404,405,386,385,375,375,354,353,278,459,345,340,340,340,337,343,331,679,698,661,661,805,727,786,772]} 1. c4 g6 2. Nc3 Bg7 3. d4 Nf6 4. e4 d6 5. f3 O-O 6. Be3 Nbd7 7. Nh3 c6 8. Be2 {E81: King's Indian: Sämisch: 6th move deviations (including 6 Be3 c6)} a6 (8... e5 9. O-O exd4 10. Bxd4 Ne5 11. Nf2 Nh5 12. Qd2 Be6 13. a4 Nf6 14. b3 c5 15. Be3 Nc6 16. Rad1 Ne8 17. f4 Nd4 18. Nb5 {½-½ (18) Alterman,B (2565)-Smirin,I (2702) Israel 2002}) 9. a4 e5 10. d5 {White is slightly better.} c5 (10... cxd5 $14 11. cxd5 b6) 11. O-O $146 ({Predecessor:} 11. Qd2 Ne8 12. a5 Rb8 13. Nf2 b6 14. axb6 f5 15. exf5 gxf5 16. f4 Qxb6 17. Rb1 Qb3 18. O-O exf4 19. Bxf4 Ne5 20. Qd1 Bd7 {½-½ (20) Rodewis,T-Buenermann,V (2290) Germany 1996}) 11... a5 12. Qd2 Nb6 13. Nf2 Nh5 14. g3 f5 {...f4 is the strong threat.} 15. Bg5 Bf6 16. Bxf6 Qxf6 17. exf5 Bxf5 ({Black should try} 17... gxf5 18. f4 Qh6) 18. Nfe4 Qe7 19. Nb5 (19. Ng5 $16) 19... Nc8 (19... Bxe4 $1 $14 20. fxe4 Rxf1+ 21. Bxf1 (21. Rxf1 Nf6 $14) 21... Ng7) 20. Bd3 b6 21. Nec3 Bh3 22. Rf2 $36 {[%mdl 2048] White has strong initiative.} Na7 23. Re1 Nxb5 24. Nxb5 Qd7 25. Qg5 Rad8 (25... Qd8 $14 26. Qh6 Qf6) 26. f4 (26. Qh4 $1 $18) 26... exf4 $2 {[%mdl 8192]} (26... Qf7 $16) 27. Re7 $18 Qg4 28. Qh6 {[%csl Ge7][%cal Rh6h7]} Rf7 29. Rxf7 Kxf7 30. Qxh7+ Kf6 31. Re2 {[%csl Ge2][%cal Rh7e7]} Ng7 {[#]} 32. Nc3 $1 {[%cal Rc3e4] And now Ne4+ would win.} Kf7 33. Rf2 $2 (33. Re6 {[%cal Rd3g6]} Qxe6 34. dxe6+ Bxe6 35. Bxg6+ Kf8 36. Qh8+ Bg8 37. Nd5 fxg3 38. hxg3) 33... f3 $2 {[#]} (33... Qh5 34. Bxg6+ Qxg6 35. Qxh3 Nh5) 34. Ne4 $2 (34. Rxf3+ $1 {[%mdl 512]} Qxf3 35. Bxg6+ Kf6 36. Ne4+ Qxe4 37. Bxe4) 34... Bg2 35. h4 ({Less strong is} 35. Qh6 Nf5 $18) 35... Qh5 36. Ng5+ Kf6 37. Qxh5 Nxh5 38. Nxf3 Bxf3 39. Rxf3+ {[%mdl 4096] Endgame KRB-KRN} Kg7 40. Re3 Rf8 $2 (40... Nf6 {might work better.} 41. Re7+ Kh6) 41. Be2 Nf6 42. Re7+ Rf7 43. Re6 Rd7 44. g4 g5 $2 (44... Nh7 45. Kf2 Nf8) 45. hxg5 {White is clearly winning.} Nh7 46. Bd3 Nf8 47. Rf6 Re7 48. Rxd6 {Precision: White = 59%, Black = 41%.} 1-0

[Event "1st Gujarat GM Open 2018"]
[Site "Ahmedabad"]
[Date "2018.10.10"]
[Round "8"]
[White "Aaryan Varshney"]
[Black "Sudhanshu Ranjan"]
[Result "1/2-1/2"]
[WhiteElo "2286"]
[BlackElo "2060"]
[Annotator "NA"]
[PlyCount "133"]
[EventDate "2018.10.05"]
[EventType "swiss"]
[EventCountry "IND"]
[SourceTitle "playchess.com"]
[Source "ChessBase"]
[SourceQuality "1"]
[TimeControl "5400+30"]

1. d4 {[%emt 0:02:44]} Nf6 {[%emt 0:00:00]} 2. Nf3 {[%emt 0:00:05]} e6 {[%emt 0:00:00]} 3. c4 {[%emt 0:00:06]} d5 {[%emt 0:00:00]} 4. Nc3 {[%emt 0:00:08]} Be7 {[%emt 0:00:00]} 5. Bg5 {[%emt 0:00:05]} h6 {[%emt 0:00:00]} 6. Bh4 {[%emt 0:00:04]} O-O {[%emt 0:00:03]} 7. e3 {[%emt 0:00:01]} b6 {[%emt 0:00:46]} 8. cxd5 {[%emt 0:00:38]} Nxd5 {[%emt 0:00:36]} 9. Bxe7 {[%emt 0:00:07]} Qxe7 {[%emt 0:00:17]} 10. Nxd5 {[%emt 0:00:07]} exd5 {[%emt 0:00:02]} 11. Rc1 {[%emt 0:00:00]} c6 {[%emt 0:01:23]} 12. Bd3 {[%emt 0:00:20]} Bb7 {[%emt 0:02:29]} 13. O-O {[%emt 0:00:09]} Nd7 {[%emt 0:00:55]} 14. Qe2 {[%emt 0:04:55] D53: Queen's Gambit Declined: 4 Bg5 Be7: Early deviations} Nf6 {[%emt 0:05:46]} (14... a6 15. e4 dxe4 16. Qxe4 Qxe4 17. Bxe4 Rac8 18. Nd2 Nf6 19. Bf3 Rfd8 20. Nc4 Rxd4 21. Nxb6 Rb8 {1-0 (36) Fressinet,L (2664)-Stupak,K (2561) Baku 2016}) 15. Rc2 $146 {[%emt 0:03:24]} ({Predecessor:} 15. Ne5 c5 16. Nf3 Rfc8 17. dxc5 Rxc5 18. Rxc5 Qxc5 19. Qc2 Nd7 20. Rc1 Rc8 21. Qxc5 Rxc5 22. Rxc5 Nxc5 {0-1 (40) Tran Thi Thu,T-Vu T Thuy,H Hue 2004}) 15... Rfc8 {[%emt 0:10:14]} 16. Rfc1 {[%emt 0:02:43]} Rc7 {[%emt 0:00:42]} 17. Ne5 {[%emt 0:03:25]} c5 {[%emt 0:10:23]} 18. b3 {[%emt 0:00:12]} a5 {[%emt 0:01:44]} 19. a4 {[%emt 0:00:26]} Bc8 {[%emt 0:03:02]} 20. h3 {[%emt 0:10:33]} Be6 {[%emt 0:04:45]} 21. f3 {[%emt 0:11:51]} Rac8 {[%emt 0:07:46]} 22. Ba6 {[%emt 0:00:52]} Ra8 {[%emt 0:03:10]} 23. g4 {[%emt 0:03:50]} Nd7 {[%emt 0:05:13]} 24. f4 {[%emt 0:03:02]} Nxe5 {[%emt 0:01:39]} 25. dxe5 {[%emt 0:01:51]} Qh4 {[%emt 0:03:40]} 26. Kg2 {[%emt 0:00:17]} f5 {[%emt 0:05:59]} 27. exf6 {[%emt 0:02:04]} gxf6 {[%emt 0:07:09]} 28. Bd3 $15 {[%emt 0:02:24]} (28. Qb5 $5 {[%cal Rb5b6]} Re7 29. Qxb6 $15) 28... h5 {[%emt 0:06:21]} 29. f5 {[%emt 0:02:30]} Bf7 {[%emt 0:02:10]} 30. Qf3 {[%emt 0:03:05]} Kg7 {[%emt 0:02:43]} 31. Qg3 {[%emt 0:01:32]} Qxg3+ {[%emt 0:00:34]} 32. Kxg3 {[%emt 0:00:01]} Re7 {[%emt 0:00:25]} 33. Re2 {[%emt 0:01:08]} Rae8 {[%emt 0:00:27]} 34. Kf3 {[%emt 0:02:42]} hxg4+ {[%emt 0:00:23]} 35. hxg4 {[%emt 0:00:02]} Rh8 {[%emt 0:00:53]} 36. Kg3 {[%emt 0:00:35]} Rd8 {[%emt 0:02:50]} 37. Kf4 {[%emt 0:01:32]} Rh8 {[%emt 0:01:47]} 38. Kg3 {[%emt 0:03:39]} Ree8 {[%emt 0:00:19]} 39. Rce1 {[%emt 0:01:54]} Kh6 {[%emt 0:00:44]} 40. Kf4 {[%emt 0:02:36]} Kg7 {[%emt 0:00:05]} 41. Kg3 {[%emt 0:00:36]} Re5 {[%emt 0:01:14]} 42. Bc2 {[%emt 0:01:11]} Kf8 {[%emt 0:03:29]} 43. Rh2 {[%emt 0:02:30]} Rxh2 {[%emt 0:01:11]} 44. Kxh2 {[%emt 0:00:01]} d4 {[%emt 0:00:34]} 45. e4 {[%emt 0:00:07]} d3 {[%emt 0:01:27]} 46. Bxd3 {[%emt 0:00:16]} Bxb3 {[%emt 0:00:02]} 47. Kg3 {[%emt 0:00:23]} c4 {[%emt 0:00:22]} 48. Bf1 {[%emt 0:02:02]} b5 {[%emt 0:00:13]} 49. axb5 {[%emt 0:00:47]} a4 {[%emt 0:00:54]} 50. Ra1 {[%emt 0:03:04]} Rxe4 {[%emt 0:01:26]} 51. Kf3 {[%emt 0:04:41]} Re5 {[%emt 0:01:10]} 52. b6 {[%emt 0:06:06]} Rb5 {[%emt 0:00:01]} 53. Bxc4 {[%emt 0:00:18]} Bxc4 {[%emt 0:00:01]} 54. Rxa4 {[%emt 0:00:02]} Bb3 {[%emt 0:00:32]} 55. Rd4 {[%emt 0:03:07]} Kg7 {[%emt 0:00:11]} 56. g5 {[%emt 0:03:53]} Rxf5+ {[%emt 0:02:51]} 57. Ke3 {[%emt 0:00:08]} fxg5 {[%emt 0:01:06]} 58. Rb4 {[%emt 0:01:12]} Bd5 {[%emt 0:00:19]} 59. b7 {[%emt 0:00:07]} Bxb7 {[%emt 0:00:11]} 60. Rxb7+ {[%emt 0:00:03]} Kg6 61. Rb1 {[%emt 0:05:53]} g4 {[%emt 0:00:18]} 62. Ke2 {[%emt 0:00:27]} Kg5 {[%emt 0:02:39]} 63. Rf1 {[%emt 0:00:08]} Ra5 {[%emt 0:00:29]} 64. Kf2 {[%emt 0:00:07]} Ra3 {[%emt 0:00:37]} 65. Kg2 {[%emt 0:00:13]} Kh4 {[%emt 0:00:12]} 66. Rh1+ {[%emt 0:00:07]} Kg5 {[%emt 0:00:01]} 67. Rf1 {[%emt 0:00:06]} 1/2-1/2

[Event "1st Gujarat GM Open 2018"]
[Site "Ahmedabad"]
[Date "2018.10.10"]
[Round "8"]
[White "Pranav Vijay"]
[Black "Raghunandan, Kaumandur Srihari"]
[Result "1/2-1/2"]
[WhiteElo "2265"]
[BlackElo "2394"]
[Annotator "TA"]
[PlyCount "138"]
[EventDate "2018.10.05"]
[EventType "swiss"]
[EventCountry "IND"]
[SourceTitle "playchess.com"]
[Source "ChessBase"]
[SourceQuality "1"]

{[%evp 12,138,-12,-11,-18,-41,19,20,7,13,12,0,0,0,2,0,7,-51,-74,-73,-23,-22,-24,-13,-19,-117,-7,-10,-13,-16,-3,-7,-16,-45,-18,-98,-93,-91,-98,-150,-61,-67,-68,-68,-64,-68,-54,-54,-54,-56,-56,-58,-51,-55,-55,-61,-51,-66,-60,-65,-65,-51,-47,-49,-15,-18,-14,-17,-13,-13,-13,-13,-13,-18,-15,-8,8,0,52,47,46,52,65,62,132,32,32,32,32,32,32,32,32,20,20,20,32,20,118,118,137,137,135,128,154,0,32,32,33,20,20,20,20,20,20,20,19,20,20,10,10,10,10,10,11,10,10,10,10]} 1. d4 Nf6 2. Nc3 d5 3. Bf4 e6 4. Nb5 Na6 5. e3 Be7 6. Nf3 {D00: 1 d4 d5: Unusual lines} O-O 7. a3 {LiveBook: 10 Games} c5 (7... c6 $5 8. Nc3 $8 c5 $11) 8. Nc3 $146 ({Predecessor:} 8. c3 Bd7 9. a4 Nh5 10. Bd6 Bxd6 11. Nxd6 Qb6 {½-½ (38) Jobava,B (2687)-Iturrizaga Bonelli,E (2662) Linares 2017}) 8... Nc7 (8... Ne4 $15) 9. dxc5 $11 Bxc5 10. Bd3 b6 11. e4 dxe4 12. Nxe4 Ncd5 13. Bg5 h6 14. Bh4 (14. Bxf6 $11 Nxf6 15. Nxc5 bxc5 16. O-O) 14... Be7 $15 15. Bg3 Nxe4 16. Bxe4 Ba6 17. Bd3 Qc8 18. c4 (18. O-O $11) 18... Nf6 (18... Bxc4 $17 19. O-O Qa6 20. Bxc4 Qxc4) 19. Qe2 $11 Rd8 20. Rc1 Bb7 21. O-O Qc6 22. Rfd1 Ne4 23. Qf1 (23. Be5 $11) 23... Nxg3 $17 24. hxg3 Bf6 25. Rc2 ({White should play} 25. Rd2) 25... Rd7 (25... e5 $1 $17 {[%cal Re5e4]} 26. Be2 Qe6) 26. Rcd2 $15 Rad8 27. b4 Qc7 28. Qe2 g6 29. Be4 Rxd2 30. Rxd2 Rxd2 31. Nxd2 Ba6 32. Qd3 Kg7 33. b5 Bc8 34. Bc6 Qd8 35. Qxd8 Bxd8 {[%mdl 4096] Endgame KBB-KBN} 36. a4 f5 37. c5 bxc5 38. Nc4 Bc7 39. a5 {Strongly threatening b6.} e5 40. b6 axb6 41. axb6 Bb8 42. Na5 Kf6 43. Bb5 c4 44. b7 Bxb7 (44... Be6 $11) 45. Nxb7 $14 c3 46. Ba4 e4 47. Kf1 g5 {[#]} (47... Bc7 $14) 48. Ke2 (48. g4 $1 $16) 48... h5 $1 49. Bb3 h4 50. gxh4 gxh4 51. Nc5 {Nd7+ is the strong threat.} Ba7 52. Nd7+ Kg5 53. Bc2 {next Ne5 is good for White.} Bd4 54. Nf8 Bb6 (54... h3 $11 {keeps the balance.} 55. gxh3 Kh4) 55. Ne6+ $16 Kf6 56. Nf4 {Threatens to win with Nd5+.} Kg5 {[#]} 57. Nh3+ $1 Kf6 58. Nf4 (58. f3 $16) 58... Kg5 $1 $14 {[%cal Rg5f4]} 59. Nd5 Bd4 60. Nc7 h3 {The position is equal.} 61. gxh3 Kh4 $1 62. Nb5 Be5 63. Na3 {aiming for Nc4.} Kxh3 64. Nc4 Bd4 65. Kf1 {Black should prevent Na3.} Kg4 66. Bd1+ Kf4 67. Ke2 Kg5 68. Bb3 f4 69. f3 exf3+ {Precision: White = 56%, Black = 61%.} 1/2-1/2

[Event "1st Gujarat GM Open 2018"]
[Site "Ahmedabad"]
[Date "2018.10.10"]
[Round "8"]
[White "Ziatdinov, Raset"]
[Black "Arjun Kalyan"]
[Result "1/2-1/2"]
[WhiteElo "2265"]
[BlackElo "2408"]
[Annotator "TA"]
[PlyCount "127"]
[EventDate "2018.10.05"]
[EventType "swiss"]
[EventCountry "IND"]
[SourceTitle "playchess.com"]
[Source "ChessBase"]
[SourceQuality "1"]

{[%evp 30,127,18,18,22,26,21,32,31,9,28,0,19,16,20,0,14,0,16,-37,0,-32,0,0,85,93,95,81,89,85,100,86,87,97,103,62,95,95,77,0,0,0,0,0,0,0,0,0,0,0,0,0,15,0,12,0,0,0,0,0,0,0,21,19,32,28,16,23,33,35,64,28,31,0,80,67,704,696,622,64,64,64,64,0,0,0,0,0,0,0,0,0,0,0,0,0,0,0,0,0]} 1. e4 e5 2. Nf3 Nc6 3. Bb5 a6 4. Ba4 Nf6 5. O-O Be7 6. Re1 b5 7. Bb3 d6 8. c3 O-O 9. h3 Nb8 10. d4 Nbd7 11. Nbd2 Bb7 12. Bc2 Re8 13. a4 Bf8 14. Bd3 c6 15. b3 g6 16. Bb2 exd4 {C95: Closed Ruy Lopez: Breyer Variation with 10 d4} 17. cxd4 d5 18. e5 Nh5 {White is slightly better.} 19. Nf1 Nf4 {[#]} 20. N1h2 $146 ({Predecessor:} 20. Ne3 b4 21. Bc2 a5 22. Qd2 Bh6 23. Qd1 Bg7 24. Qd2 {1-0 (75) Alekseev,E (2613)-Sasikiran,K (2679) Skanderborg 2003}) 20... bxa4 21. Bc1 Ne6 22. Ng4 c5 23. Rxa4 cxd4 24. Qd2 (24. Bh6 $11) 24... Qb6 25. Ba3 Bxa3 26. Rxa3 a5 (26... h5 $11 27. Nh6+ Kg7 28. Nxf7 Kxf7) 27. Qh6 $1 $16 {Threatens to win with Nf6+.} Qc5 {[#]} 28. Bb5 $1 {[%cal Rb5d7][%mdl 512]} Qxb5 {[#]} 29. Nf6+ $1 Nxf6 30. exf6 {Threatening mate with Ng5.} Qb4 {[#] Hoping for ...Qf8.} 31. Rxe6 $1 {[%csl Gf6][%cal Rh6g7][%mdl 512]} Qf8 (31... Rxe6 32. Qg7#) 32. Qxf8+ Kxf8 33. Rb6 Bc8 34. b4 ({White should play} 34. Nxd4 $16 Re4 35. Rd6) 34... a4 $11 35. Nxd4 Re4 $36 {[%mdl 2048] Black is more active.} 36. Rd6 Bb7 37. Rd7 Rxd4 38. Rxb7 {[%mdl 4096] Endgame Strongly threatening Rxa4! KRR-KRR} Re4 39. Rb5 Re1+ 40. Kh2 Rd8 41. Rd3 d4 (41... Rd6 {keeps more tension.} 42. Rd1 Re5 43. Rd2 Rxf6 44. Ra5 Rd6) 42. Ra5 Re6 43. Rxa4 Rxf6 44. Kg3 Rd5 45. Ra5 Rd7 46. Rc5 Ke7 47. Rc4 Rfd6 48. Kf3 Ke6 49. Ke2 Ke5 50. Rb3 Rf6 51. b5 {[%cal Bb4b5,Bb5c6][%mdl 32]} Kd5 (51... Rb6 $11 {remains equal.}) 52. Kd3 $16 Ke5 $2 {[%mdl 8192]} (52... Rdd6 $14) 53. Rc5+ $18 Kf4 54. Rc6 $2 (54. b6 $18) 54... Rxc6 $1 $14 55. bxc6 {KR-KR} Rc7 56. Rb6 ({White should try} 56. Kxd4 $14 Rxc6 57. Rf3+ Kg5 58. Rxf7) 56... Ke5 $11 {The position is equal.} 57. Kc4 {Black must now prevent Kc5.} Kd6 58. Kxd4 {Rb7 is the strong threat.} f6 $1 59. g4 Rxc6 60. Rxc6+ Kxc6 61. g5 Kd6 62. f4 fxg5 63. fxg5 Ke6 64. Ke4 $1 {Precision: White = 56%, Black = 57%.} 1/2-1/2

[Event "1st Gujarat GM Open 2018"]
[Site "Ahmedabad"]
[Date "2018.10.10"]
[Round "8"]
[White "Ritviz, Parab"]
[Black "Nikhil Magizhnan"]
[Result "1-0"]
[WhiteElo "2252"]
[BlackElo "2056"]
[Annotator "NA"]
[PlyCount "119"]
[EventDate "2018.10.05"]
[EventType "swiss"]
[EventCountry "IND"]
[SourceTitle "playchess.com"]
[Source "ChessBase"]
[SourceQuality "1"]
[TimeControl "5400+30"]

1. e4 {[%emt 0:00:00]} c6 {[%emt 0:00:00]} 2. d4 {[%emt 0:01:13]} d5 {[%emt 0:00:03]} 3. exd5 {[%emt 0:01:55]} cxd5 {[%emt 0:00:30]} 4. Bd3 {[%emt 0:00:14]} e6 {[%emt 0:00:20]} 5. Nf3 {[%emt 0:02:07]} Be7 {[%emt 0:00:11]} 6. c3 {[%emt 0:03:14]} Nf6 {[%emt 0:01:29]} 7. Bf4 {[%emt 0:00:17]} O-O {[%emt 0:00:35]} 8. Nbd2 {[%emt 0:00:13]} Nc6 {[%emt 0:01:05]} 9. O-O {[%emt 0:04:10]} Nh5 {[%emt 0:08:58]} 10. Be3 {[%emt 0:05:03]} Nf6 {[%emt 0:08:06]} 11. Re1 {[%emt 0:10:11]} Qc7 {[%emt 0:06:13]} 12. Bg5 {[%emt 0:05:28]} h6 {[%emt 0:00:23]} 13. Bh4 {[%emt 0:00:09]} Nd7 {[%emt 0:03:05]} 14. Bxe7 {[%emt 0:06:02]} Nxe7 {[%emt 0:00:10]} 15. Nf1 {[%emt 0:00:09]} Nc6 {[%emt 0:07:18]} 16. Rc1 {[%emt 0:03:25]} Nf6 {[%emt 0:08:00]} 17. Ne3 {[%emt 0:15:15]} Rd8 {[%emt 0:05:20]} 18. b4 {[%emt 0:01:41]} a6 {[%emt 0:03:42]} 19. a4 {[%emt 0:00:40]} Nd7 {[%emt 0:14:39]} 20. h3 {[%emt 0:11:00]} Qb8 {[%emt 0:08:29]} 21. Ng4 {[%emt 0:03:58]} f5 {[%emt 0:03:36]} 22. Ne3 {[%emt 0:03:18]} Nf6 {[%emt 0:09:09]} 23. b5 {[%emt 0:08:38]} axb5 {[%emt 0:00:15]} 24. axb5 {[%emt 0:00:02]} Na5 {[%emt 0:02:00]} 25. g4 {[%emt 0:00:22]} Rf8 {[%emt 0:02:34]} 26. Ne5 {[%emt 0:00:46]} f4 {[%emt 0:01:29]} 27. Ng2 {[%emt 0:00:34]} g5 {[%emt 0:00:05]} 28. h4 {[%emt 0:01:25]} Kg7 {[%emt 0:01:00]} 29. Ng6 {[%emt 0:06:59]} Rf7 {[%emt 0:00:26]} 30. Ne5 {[%emt 0:02:09]} Rf8 {[%emt 0:00:06]} 31. f3 {[%emt 0:01:58]} Nd7 {[%emt 0:01:27]} 32. Bc2 {[%emt 0:00:55]} Rf6 {[%emt 0:01:08]} 33. Qd3 {[%emt 0:01:42]} Nf8 {[%emt 0:00:04]} 34. Kf2 {[%emt 0:00:16]} Nc4 {[%emt 0:00:43]} 35. Nxc4 {[%emt 0:00:33]} dxc4 {[%emt 0:00:04]} 36. Qxc4 {[%emt 0:00:05]} Ng6 {[%emt 0:00:49]} 37. hxg5 {[%emt 0:00:39]} hxg5 {[%emt 0:00:01]} 38. Rh1 {[%emt 0:00:18]} Bd7 {[%emt 0:00:15]} 39. Rh5 {[%emt 0:00:10]} Qc8 {[%emt 0:01:31]} 40. Qxc8 {[%emt 0:00:22]} Rxc8 {[%emt 0:00:02]} 41. Bd3 {[%emt 0:00:54]} Nf8 {[%emt 0:01:08]} 42. Rxg5+ {[%emt 0:00:43]} Kf7 {[%emt 0:00:12]} 43. c4 {[%emt 0:00:14]} Ra8 {[%emt 0:00:01]} 44. Re5 {[%emt 0:00:59]} Ra3 {[%emt 0:00:11]} 45. Be4 {[%emt 0:01:10]} Rh6 {[%emt 0:00:58]} 46. Nxf4 {[%emt 0:00:13]} Ra7 {[%emt 0:00:48]} 47. Kg3 {[%emt 0:00:12]} Kg7 {[%emt 0:00:34]} 48. b6 {[%emt 0:00:45]} Ra6 {[%emt 0:00:05]} 49. c5 {[%emt 0:00:30]} Bc8 {[%emt 0:00:01]} 50. c6 {[%emt 0:00:38]} Rxb6 {[%emt 0:00:14]} 51. cxb7 {[%emt 0:00:05]} Bd7 {[%emt 0:00:06]} 52. Rb1 {[%emt 0:00:22]} Bb5 {[%emt 0:00:25]} 53. Rbxb5 {[%emt 0:00:15]} Rxb5 {[%emt 0:00:03]} 54. Rxb5 {[%emt 0:00:05]} Nd7 {[%emt 0:00:04]} 55. b8=Q Nxb8 {[%emt 0:00:02]} 56. Rxb8 {[%emt 0:00:46]} Kf6 {[%emt 0:00:04]} 57. Nxe6 {[%emt 0:00:40]} Rh1 {[%emt 0:00:11]} 58. Rb6 {[%emt 0:00:33]} Rg1+ {[%emt 0:00:03]} 59. Kf4 {[%emt 0:00:03]} Ke7 {[%emt 0:00:05]} 60. Ke5 {[%emt 0:00:05]} 1-0

[Event "1st Gujarat GM Open 2018"]
[Site "Ahmedabad"]
[Date "2018.10.10"]
[Round "8"]
[White "Abu Sufian, Shakil"]
[Black "Tarun Kanyamarala"]
[Result "1-0"]
[WhiteElo "2247"]
[BlackElo "2046"]
[Annotator "TA"]
[PlyCount "57"]
[EventDate "2018.10.05"]
[EventType "swiss"]
[EventCountry "IND"]
[SourceTitle "playchess.com"]
[Source "ChessBase"]
[SourceQuality "1"]

{[%evp 22,57,0,-43,-31,-215,-188,-212,-210,-202,-115,-85,-39,-37,-28,-28,0,-80,-78,-81,12,29,25,12,17,-425,-412,-426,-425,-1069,-489,-485,668,593,29986,29987,29998,29999]} 1. e4 c5 2. Nf3 d6 3. d4 cxd4 4. Nxd4 Nf6 5. Nc3 Nc6 6. Bc4 e6 7. Be3 a6 8. Bb3 Qc7 9. Qe2 Na5 10. g4 {[%cal Bg2g4,Bg4g5][%mdl 32]} b5 {[%cal Bb7b5,Bb5b4][%mdl 32]} 11. g5 Nd7 12. O-O-O b4 {B89: Sicilian: Velimirovic Attack} 13. Nd5 $2 (13. Na4 $15) 13... Nxb3+ $19 ({Resist} 13... exd5 14. Bxd5 Bb7 15. Rhe1 $17) 14. axb3 exd5 {Black is clearly better.} 15. exd5 Ne5 $146 (15... Be7 $1 $19 16. f4 O-O) ({Predecessor:} 15... Be7 16. f4 O-O 17. Nc6 Re8 18. Rde1 Bb7 19. Bb6 Nxb6 20. Nxe7+ {0-1 (29) Vainshtein,V (2325)-Slutzky,L (2350) Israel 1996}) 16. Rde1 $17 Be7 {Strongly threatening ...Bg4.} 17. f4 Bg4 18. Qf1 Ng6 {...0-0 is the strong threat.} 19. h3 (19. h4 $11) 19... Bd7 {And now ...0-0 would win.} 20. h4 {[%cal Bh3h4,Bh4h5][%mdl 32] [#] Black should prevent h5.} Rc8 (20... Bf8 $1 $17 21. Bd2+ Kd8 22. Bxb4 a5) 21. h5 $1 $11 {[%cal Rh5g6] [#]} Ne5 $1 {[%mdl 512]} 22. fxe5 dxe5 {[%cal Bd6e5,Be5d4][%mdl 32]} 23. Rh2 $2 {[%mdl 8192]} (23. Bf4 $1 $11 {and White is okay.} O-O 24. Rxe5) 23... exd4 $19 24. Bf4 {[#]} Qa5 $1 {[%cal Ra5a1]} 25. Bd6 (25. Qd3 $142 Qxd5 26. Rhe2) 25... Qa1+ (25... O-O $142 26. Kb1 Bxd6) 26. Kd2 Rxc2+ $4 {[%mdl 8192]} (26... Qxb2 $19 27. Rxe7+ Kd8) 27. Kxc2 $18 Bf5+ 28. Qxf5 {[%cal Rf5c8]} Qxe1 29. Qc8+ {Precision: White = 34%, Black = 37%.} 1-0